00736nam a2200253 a 4500001001300000003000900013005001700022008004100039020000900080082001600089100003400105245002200139260003100161300000900192500003500201505001500236650001800251650003200269700003400301902000800335942000700343952011500350999001700465nice12345678IN_TiNIC20260116013911.0050524s1989 boma grp 000 0 eng  ac5000a297.82bALS aAl-Samawi, Muhammad Al-Tijani aThen I Was Guided aBombaybNajafi Housec1989 a234p aincludes index and biblioraphy2 aNew Editon aShiah-History aCompanions-Prophet of Islam1 aAl-Samawi, Muhammad Al-Tijani bSRS cBK 001040708StackRoom-aHMIbHMId2007-06-28g50.00l0o297.82 ALSp015925r2007-06-28v50.00w2005-05-24yBK c13026d13026